Engineering services: forms of cost analysis (Record no. 88137)

MARC details
000 -LEADER
fixed length control field 00557cam a2200217 4500
001 - CONTROL NUMBER
control field D15359
008 - FIXED-LENGTH DATA ELEMENTS--GENERAL INFORMATION
fixed length control field 090401t1985 xxu||||| |||| 00| 0 eng d
035 ## - SYSTEM CONTROL NUMBER
System control number (Sirsi) u22170
041 ## - LANGUAGE CODE
Language code of text/sound track or separate title eng
050 ## - LIBRARY OF CONGRESS CALL NUMBER
Classification number 692.5
090 ## - LOCALLY ASSIGNED LC-TYPE CALL NUMBER (OCLC); LOCAL CALL NUMBER (RLIN)
Classification number (OCLC) (R) ; Classification number, CALL (RLIN) (NR) RICS 1986/ABC
110 ## - MAIN ENTRY--CORPORATE NAME
Corporate name or jurisdiction name as entry element Royal Institution of Chartered Surveyors
9 (RLIN) 4900
245 ## - TITLE STATEMENT
Title Engineering services: forms of cost analysis
260 ## - PUBLICATION, DISTRIBUTION, ETC.
Name of publisher, distributor, etc. RICS
Date of publication, distribution, etc. 1985
300 ## - PHYSICAL DESCRIPTION
Extent 156p. 30cm
350 ## - PRICE (NR) (BK AM CF MU VM SE) [OBSOLETE]
Price 0
520 ## - SUMMARY, ETC.
Summary, etc. Filed in box RICS 1986/3A
710 ## - ADDED ENTRY--CORPORATE NAME
Corporate name or jurisdiction name as entry element Quantity Surveyors Division
942 ## - ADDED ENTRY ELEMENTS (KOHA)
Suppress in OPAC 0
948 ## - LOCAL PROCESSING INFORMATION (OCLC); SERIES PART DESIGNATOR (RLIN)
c (OCLC) 04/03/1997
Holdings
Withdrawn status Lost status Source of classification or shelving scheme Damaged status Not for loan Home library Current library Shelving location Date acquired Total Checkouts Full call number Barcode Date last seen Date last checked out Copy number Price effective from Koha item type
    Dewey Decimal Classification     Historic collection Historic collection RICS Boxes 14/09/1999   RICS 1986/3 30007670 06/08/2019   1 06/08/2019 Archive
    Dewey Decimal Classification     London London RICS Boxes 22/03/1993 2 RICS 1986/3 30043972 06/08/2019 30/01/2004 2 06/08/2019 Book